000 00326cam a22001097a 4500
008 180718b1985 xxu||||| |||| 00| 0 eng d
082 _aP000x54 P/L
245 _aNational education policy
_cby Lok Sabha Secretariat
260 _aNew Delhi
_bLok Sabha Secretariat
_c1985
300 _a41p.
700 _aIndia. Lok Sabha Secretariat
999 _c481147
_d481147